Online Catalogue and eLibrary

Silappathikaramoolamum : (Record no. 3964)

MARC details
000 -LEADER
fixed length control field 00415nam a2200145Ia 4500
005 - DATE AND TIME OF LATEST TRANSACTION
control field 20250314035021.0
008 - FIXED-LENGTH DATA ELEMENTS--GENERAL INFORMATION
fixed length control field 240331s9999 xx 000 0 und d
082 ## - DDC Classification
Item Number - Author Mark ILA
Class No. 894
100 ## - MAIN ENTRY--PERSONAL NAME
Personal name Ilankoadikal,V
245 #0 - TITLE STATEMENT
Title Silappathikaramoolamum :
Remainder of title arumpathavuraiyum adiyatkkunallaruraiyum
260 ## - PUBLICATION, DISTRIBUTION, ETC.
Place of publication, distribution, etc. Thanchavur
Name of publisher, distributor, etc. Tamil palkalai kalakham
Date of publication, distribution, etc. 1985
300 ## - PHYSICAL DESCRIPTION
Extent (e.g. Volumes, Pages etc.) XXIX, 744 p .,
650 ## - SUBJECT ADDED ENTRY--TOPICAL TERM
Topical term or geographic name entry element Silapathikaram
942 ## - Koha item type (Biblio)
Koha item type Books in Stacks (Lending)
Holdings
Lost status Damaged status Collection code Home library Current library Shelving location Date acquired Full call number Accession Number Item type
    Lending WERC Library WERC Library Social Science Cupboard 03/31/2024 894.811 ILA 1634 Books in Stacks (Lending)

© WERC Library